00840nam a2200217 a 450000100100000000500170001000800410002702000150006804000250008308200190010810000280012724501040015526000550025930000280031465000600034265000350040270000360043704900090047395201230048299900170060500002279820200930021813.0101118s1992 mx a 000 0 spa d a0669174122 aDO-SdBNPbspacBNPHU a320.973bW746g1 aWilson, James Q.94683713aEl gobierno de los Estados Unidos /cJames Q. Wilson ; versión en español de Juan Naves Ruíz. aMéxico, D. F. :bLimusa ;bGrupo Noriega,c1992. a463 p. :bil. ;c23 cm. 4aEstados unidosxPolítica y gobiernoy1789-1989946838 4aEstados unidosxHistoria928181 aNaves Ruíz, Juan,etr.946839 aBNGR 001054708MOaGRbGRcCTd2010-11-18iLF1l0o320.973 W746gp22798-10r2020-06-25w2020-06-25y4ZPréstamo en sala c22295d22295